Social Contacts : Materials for developing listening ans speaking skills in business and social contexts

Bewaard in:
Bibliografische gegevens
Hoofdauteur: Brieger, Nick
Formaat: Boek
Taal:Undetermined
Gepubliceerd in: New York Phoenix ELT 1990
Onderwerpen:
Tags: Voeg label toe
Geen labels, Wees de eerste die dit record labelt!
Thư viện lưu trữ: Trung tâm Học liệu Trường Đại học Cần Thơ
LEADER 00686nam a2200217Ia 4500
001 CTU_93359
008 210402s9999 xx 000 0 und d
020 |c 75000 
082 |a 428.34 
082 |b B854 
100 |a Brieger, Nick 
245 0 |a Social Contacts : 
245 0 |b Materials for developing listening ans speaking skills in business and social contexts 
245 0 |c Nick Brieger, Jeremy Comfort 
260 |a New York 
260 |b Phoenix ELT 
260 |c 1990 
650 |a English language,English language,Listening 
650 |x Textbooks for foreign speakers,Business english 
904 |i Tuyến 
980 |a Trung tâm Học liệu Trường Đại học Cần Thơ